[Event "ch-FRA Blitz Online Qual"]
[Site "Europe-Chess INT"]
[Date "2020.05.16"]
[Round "12"]
[White "Lapitski, Yaroslav"]
[Black "Belattar, Salah-Eddine"]
[Result "1-0"]
[WhiteElo "1765"]
[BlackElo "1886"]
[WhiteFideId "13519468"]
[BlackFideId "9001468"]
[EventDate "2020.05.16"]

1. Nf3 Nf6 2. c4 c5 3. Nc3 g6 4. d4 cxd4 5. Nxd4 Bg7 6. g3 O-O 7. Bg2 Nc6 8. O-O
Nxd4 9. Qxd4 d6 10. e4 Qb6 11. Qd3 Bd7 12. b3 Bc6 13. Re1 Rad8 14. Bb2 a6 15.
Rac1 Ng4 16. Rf1 Ne5 17. Qe2 Qa7 18. Kh1 Qb8 19. f4 Nd7 20. Nd5 Bxd5 21. exd5
Rfe8 22. Bxg7 Kxg7 23. Qb2+ f6 24. Rce1 Nc5 25. Qc3 Qc8 26. a3 Qf5 27. b4 Na4
28. Qb3 Nb6 29. Be4 Qh3 30. c5 dxc5 31. bxc5 Nd7 32. c6 bxc6 33. dxc6 Nc5 34.
Qf3 Nxe4 35. Rxe4 Rd2 36. Re2 Red8 37. Rxe7+ Kf8 38. Re2 R8d3 39. Qf2 Rd1 40.
Rxd1 Rxd1+ 41. Re1 Rd3 42. Qe2 Rxa3 43. Qe7+ Kg8 44. Qxa3 Qf5 45. Qc3 Qd5+ 46.
Kg1 Qd6 47. c7 Qb6+ 48. Kh1 Qb7+ 49. Kg1 Qb6+ 50. Qe3 Qxc7 51. Qe6+ Kg7 52. Qe7+
Qxe7 53. Rxe7+ Kh6 54. Ra7 Kh5 55. Rxa6 Kg4 56. Kg2 h5 57. h3+ Kf5 58. Ra5+ Ke6
59. Kf3 Kf7 60. Ke4 Kg7 61. Kd5 Kh6 62. Ke6 g5 63. fxg5+ fxg5 64. h4 g4 65. Rg5
Kh7 66. Kf7 Kh6 67. Ra5 Kh7 68. Kf6 Kh6 69. Ra6 Kh7 70. Kg5 Kg7 71. Ra7+ Kh8 72.
Kg6 Kg8 73. Ra8# 1-0

[Event "ch-FRA Blitz Online Qual"]
[Site "Europe-Chess INT"]
[Date "2020.05.16"]
[Round "12"]
[White "Coiffait, Pierre-Basile"]
[Black "Vieira, William"]
[Result "1-0"]
[WhiteElo "2261"]
[BlackElo "1593"]
[WhiteFideId "20665342"]
[BlackFideId "20661193"]
[EventDate "2020.05.16"]

1. e4 e6 2. d4 d5 3. Nd2 dxe4 4. Nxe4 Nd7 5. Nf3 Ngf6 6. Nxf6+ Nxf6 7. c3 Be7 8.
Bd3 O-O 9. O-O b6 10. Bc2 Bb7 11. Bg5 c5 12. Re1 cxd4 13. Nxd4 Qd5 14. Nf3 Qxd1
15. Bxd1 h6 16. Bh4 Rfd8 17. Be2 Rd7 18. Nd4 Rad8 19. Bb5 Rd5 20. Bc4 R5d6 21.
Bg3 R6d7 22. f3 Bc5 23. Bf2 a6 24. Re2 b5 25. Bb3 Bd5 26. Kf1 Bxb3 27. axb3 Rd6
28. b4 Bxd4 29. Bxd4 Nd5 30. Bc5 Rc6 31. Rd2 Kh7 32. Kf2 Ra8 33. g3 Kg6 34. Ra5
Nb6 35. Bxb6 Rxb6 36. Rd7 Kf6 37. Ke3 g6 38. Ke4 h5 39. f4 Rc6 40. Ra1 Rc4+ 41.
Rd4 Rxd4+ 42. Kxd4 Kf5 43. Kc5 f6 44. Kb6 e5 45. Rf1 e4 46. Re1 Re8 47. Kxa6 e3
48. Kxb5 g5 49. fxg5 fxg5 50. Kc4 Kg4 51. b5 Kh3 52. Re2 h4 53. gxh4 gxh4 54. b6
Kg4 55. b7 Kf3 56. Re1 Kf2 57. Ra1 e2 58. Kc5 Rb8 59. Kc6 e1=Q 60. Rxe1 Kxe1 61.
Kc7 Rh8 62. b8=Q Rxb8 63. Kxb8 Kf2 64. c4 Kg2 65. c5 Kxh2 66. c6 Kg2 67. c7 h3
68. c8=Q h2 69. Qc6+ Kg1 70. b4 h1=Q 71. Qxh1+ Kxh1 72. b5 1-0

[Event "ch-FRA Blitz Online Qual"]
[Site "Europe-Chess INT"]
[Date "2020.05.16"]
[Round "12"]
[White "Vasselin, Louis"]
[Black "Bernard, Mathis"]
[Result "0-1"]
[WhiteElo "1590"]
[BlackElo "1880"]
[WhiteFideId "36070238"]
[BlackFideId "36075205"]
[EventDate "2020.05.16"]

1. d4 Nf6 2. Bf4 g6 3. e3 Bg7 4. c3 d6 5. Nd2 O-O 6. Ngf3 c5 7. Be2 Nh5 8. Bg3
Nxg3 9. hxg3 Nc6 10. O-O e5 11. d5 Ne7 12. e4 f5 13. c4 f4 14. gxf4 Rxf4 15. Rb1
a5 16. Nb3 a4 17. Nc1 h6 18. Nd3 Rf8 19. b3 axb3 20. axb3 g5 21. Nb2 Ng6 22. Na4
g4 23. Nd2 h5 24. g3 h4 25. Bxg4 Qg5 26. Bxc8 Raxc8 27. Kg2 Nf4+ 28. Kh2 hxg3+
29. fxg3 Qh6+ 30. Kg1 Nh3+ 31. Kg2 Rxf1 32. Qxf1 Qxd2+ 33. Kxh3 Rf8 34. Qd1 Qh6+
35. Kg2 Qe3 36. Rb2 Qxe4+ 37. Kh2 Qh7+ 38. Kg2 Qe4+ 39. Kh2 Qf5 40. Rd2 Rf6 41.
Kg2 Rh6 42. Rf2 Qh3+ 43. Kf3 Rf6+ 44. Ke3 Bh6+ 45. Ke2 Qg4+ 46. Ke1 Qxd1+ 47.
Kxd1 Rxf2 48. Nb6 Rb2 49. Nc8 Bf8 50. Na7 Rxb3 51. Nb5 Rxg3 52. Kd2 Kf7 53. Kc2
Kf6 54. Kd2 Kf5 55. Nc7 Ke4 56. Ne6 Rg2+ 57. Kc3 Be7 58. Nc7 Rg3+ 59. Kc2 Kd4
60. Ne6+ Kxc4 61. Nf4 exf4 0-1

[Event "ch-FRA Blitz Online Qual"]
[Site "Europe-Chess INT"]
[Date "2020.05.16"]
[Round "12"]
[White "Ludwiczak, Virginie"]
[Black "De Monts, Louis"]
[Result "1-0"]
[WhiteElo "1875"]
[BlackElo "1630"]
[WhiteFideId "20655592"]
[BlackFideId "36088781"]
[EventDate "2020.05.16"]

1. c4 Nf6 2. Nf3 g6 3. g3 d6 4. Bg2 Bg7 5. O-O O-O 6. Nc3 Nc6 7. Rb1 Bf5 8. d3
Qd7 9. Bd2 Bh3 10. b4 Bxg2 11. Kxg2 a5 12. a3 axb4 13. axb4 Ra3 14. Nb5 Ra2 15.
Qb3 Rfa8 16. Nc3 R2a3 17. Qc2 Ng4 18. h3 Nge5 19. Nxe5 Bxe5 20. e3 Bg7 21. d4 e5
22. d5 Ne7 23. e4 f5 24. Bc1 R3a6 25. f3 h6 26. Bb2 f4 27. g4 Qd8 28. Ra1 Nc8
29. Ne2 Qh4 30. Rxa6 Rxa6 31. Bc3 Ne7 32. Rb1 h5 33. Be1 Qf6 34. c5 hxg4 35.
hxg4 g5 36. Bf2 Ng6 37. b5 Ra8 38. c6 b6 39. Qc3 Qd8 40. Rh1 Qb8 41. Rh5 Bf6 42.
Ng1 Ra2 43. Nh3 Qd8 44. Kg1 Ra7 45. Kg2 Kg7 46. Ng1 Qe7 47. Ne2 Ra8 48. Nc1 Rh8
49. Rxh8 Nxh8 50. Na2 Ng6 51. Nb4 Nh4+ 52. Bxh4 gxh4 53. Kh3 Qd8 54. Na6 Qa8 55.
Nxc7 Qa2 56. Ne8+ Kf7 57. Nxd6+ Kg6 58. Qe1 Qa3 59. Qf1 Qxd6 60. Kg2 Qa3 61. c7
Qb2+ 62. Qf2 Qc3 63. d6 Kf7 64. Qxb6 Qd2+ 65. Qf2 h3+ 66. Kg1 Qd1+ 67. Kh2 Bh4
68. Qxh4 Qe2+ 69. Kxh3 Qxf3+ 70. Kh2 Qe2+ 71. Kh1 Qf1+ 72. Kh2 Qe2+ 73. Kg1 Qd1+
74. Kg2 Qe2+ 75. Qf2 Qxe4+ 76. Kh2 f3 77. c8=Q Qf4+ 78. Kg1 Qxg4+ 79. Kf1 Qxc8
80. Qxf3+ Ke6 81. Qh3+ Kxd6 82. Qxc8 1-0

[Event "ch-FRA Blitz Online Qual"]
[Site "Europe-Chess INT"]
[Date "2020.05.16"]
[Round "12"]
[White "Muller, Lorelei"]
[Black "Lauferon, Augustin"]
[Result "0-1"]
[WhiteElo "1541"]
[BlackElo "1865"]
[WhiteFideId "20669208"]
[BlackFideId "20655177"]
[EventDate "2020.05.16"]

1. e4 e6 2. d4 d5 3. exd5 exd5 4. Bd3 Nf6 5. Nf3 Bd6 6. Bg5 O-O 7. O-O c6 8. c3
Bg4 9. h3 Bh5 10. Nbd2 Nbd7 11. Qc2 Qc7 12. Rfe1 Rae8 13. a3 Bg6 14. Bxg6 fxg6
15. Rab1 b6 16. b3 c5 17. dxc5 bxc5 18. a4 Ne5 19. Be3 Nxf3+ 20. Nxf3 Ne4 21.
Qd3 Rf5 22. b4 Ref8 23. Red1 Qe7 24. b5 Kh8 25. c4 d4 26. Bd2 Nxd2 27. Qxd2 Qf6
28. Re1 Rxf3 29. gxf3 Qxf3 30. Qe2 Qxh3 31. f4 Bxf4 32. Qe8 Be3+ 0-1

[Event "ch-FRA Blitz Online Qual"]
[Site "Europe-Chess INT"]
[Date "2020.05.16"]
[Round "12"]
[White "Cadieu, Corentin"]
[Black "Rahnama, Matin"]
[Result "0-1"]
[WhiteElo "1524"]
[BlackElo "1754"]
[WhiteFideId "26023180"]
[BlackFideId "45146039"]
[EventDate "2020.05.16"]

1. b3 d5 2. Bb2 c5 3. e3 Nc6 4. Nf3 Bg4 5. d4 cxd4 6. exd4 e6 7. Nbd2 Qb6 8. Be2
Nf6 9. O-O Bd6 10. h3 Bh5 11. c4 dxc4 12. Nxc4 Qc7 13. Nxd6+ Qxd6 14. Ne5 Bxe2
15. Qxe2 O-O 16. Nxc6 Qxc6 17. Rfc1 Qb6 18. Rc2 Rad8 19. Rac1 Nd5 20. Rc4 h6 21.
Qf3 Qa5 22. a3 b5 23. Rc5 a6 24. b4 Qb6 25. Rc6 Qb7 26. Qg3 Rc8 27. R6c5 Rxc5
28. dxc5 f6 29. Qd6 Re8 30. c6 Qc7 31. Qc5 Rc8 32. Bd4 Kf7 33. Qc2 Qf4 34. Qd2
Qd6 35. Be3 Rxc6 0-1

[Event "ch-FRA Blitz Online Qual"]
[Site "Europe-Chess INT"]
[Date "2020.05.16"]
[Round "12"]
[White "Martin, Nils"]
[Black "Oney, Remel"]
[Result "1/2-1/2"]
[WhiteElo "1639"]
[BlackElo "1781"]
[WhiteFideId "45160473"]
[BlackFideId "6310125"]
[EventDate "2020.05.16"]

1. e4 Nf6 2. e5 Nd5 3. d4 d6 4. exd6 exd6 5. c4 Nb6 6. Nc3 Nc6 7. Nf3 Bg4 8. Be2
Be7 9. b3 O-O 10. O-O Bf6 11. Be3 d5 12. c5 Nc8 13. h3 Bh5 14. a4 h6 15. Rb1
N8e7 16. b4 Nf5 17. b5 Nxe3 18. fxe3 Na5 19. Qd2 Nc4 20. Bxc4 dxc4 21. Qe2 Bg6
22. e4 Bxd4+ 23. Kh1 Bxc3 24. Qxc4 Bf6 25. Rbd1 Qe7 26. Rfe1 Be5 27. Nxe5 Qxe5
28. Rd5 Qg3 29. Re2 Rad8 30. e5 Rxd5 31. Qxd5 Bd3 32. Rb2 Re8 33. Rb3 Rxe5 34.
Qd8+ Kh7 35. Qxd3+ Qxd3 36. Rxd3 Rxc5 37. Rd7 f5 38. Kh2 Kg6 39. Kg3 Kf6 40. Kf3
Rc4 41. g4 fxg4+ 42. hxg4 g6 43. a5 Rc5 44. a6 bxa6 45. bxa6 Rc6 46. Kf4 Rxa6
47. Rxc7 Ra4+ 48. Kg3 a5 49. Rc6+ Kg5 50. Rc5+ Kf6 51. Rc6+ Kf7 52. Rc7+ Ke6 53.
Rc6+ Kd5 54. Rxg6 Ra3+ 55. Kh4 Ra1 56. Rxh6 a4 57. g5 a3 58. g6 Rg1 59. Rh5+ Kc4
60. Ra5 Kb3 61. Kh5 a2 62. Kh6 Rh1+ 63. Kg5 Rg1+ 64. Kf6 a1=Q+ 65. Rxa1 Rxa1 66.
g7 Rf1+ 67. Ke7 Rg1 68. Kf7 Rxg7+ 69. Kxg7 1/2-1/2

[Event "ch-FRA Blitz Online Qual"]
[Site "Europe-Chess INT"]
[Date "2020.05.16"]
[Round "12"]
[White "Inventar, Alexandre"]
[Black "Vine, Thibaut"]
[Result "0-1"]
[WhiteElo "1437"]
[BlackElo "1837"]
[WhiteFideId "36054100"]
[BlackFideId "20654227"]
[EventDate "2020.05.16"]

1. e4 c5 2. b4 cxb4 3. a3 e6 4. axb4 Bxb4 5. c3 Ba5 6. d4 d5 7. e5 Nc6 8. Qg4 g6
9. Bg5 Qb6 10. Bd3 Qb2 11. Ra3 Qb6 12. Be3 Nge7 13. Ne2 Nf5 14. O-O h6 15. Nd2
Qb2 16. Rb3 Qa2 17. Rfb1 Nxe3 18. fxe3 Qxd2 19. Bxg6 Qxe3+ 20. Kh1 Qg5 21. Bxf7+
Kxf7 22. Qf3+ Ke7 23. Ng3 Bd7 24. Rxb7 Rhf8 25. Qd3 Rab8 26. Qh7+ Rf7 27. Rxd7+
Kxd7 28. Qxf7+ Qe7 29. Qxe7+ Kxe7 30. Rf1 Bxc3 31. Ne2 Ba5 32. g4 Bb6 33. Rd1
Rg8 34. h3 Rf8 35. Kg2 Na5 36. Rc1 Nc4 37. Kg3 a5 38. Rb1 a4 39. Rb4 a3 40. Ra4
Rc8 41. Kh4 Rc7 42. Kh5 Ra7 43. Rxa7+ Bxa7 44. Nc3 Bxd4 45. Na2 Bxe5 46. Kxh6
Bf6 47. g5 Bb2 48. h4 Ne5 49. h5 Ng4+ 50. Kh7 Kf7 51. g6+ Kf8 52. h6 Nxh6 53.
Kxh6 d4 54. g7+ Kg8 55. Kg6 d3 56. Kg5 d2 57. Kg4 d1=Q+ 58. Kg5 Qb1 59. Kh6 Qxa2
60. Kg5 Bxg7 61. Kf4 Qb2 62. Ke3 a2 63. Ke4 a1=Q 64. Kf3 Qa4 65. Kg3 Qbb3+ 66.
Kh2 Qaa2+ 67. Kg1 Qbb1# 0-1

[Event "ch-FRA Blitz Online Qual"]
[Site "Europe-Chess INT"]
[Date "2020.05.16"]
[Round "12"]
[White "Jacquot, David"]
[Black "Ernst, Luca"]
[Result "1-0"]
[WhiteElo "1830"]
[BlackElo "1660"]
[WhiteFideId "20624093"]
[BlackFideId "45117055"]
[EventDate "2020.05.16"]

1. d4 Nf6 2. Nf3 g6 3. Bg5 Bg7 4. Nbd2 O-O 5. e3 d5 6. Bd3 e6 7. c3 b6 8. h4 c5
9. h5 Qc7 10. Bf4 Qe7 11. hxg6 hxg6 12. Ne5 Bb7 13. Qf3 Nbd7 14. Bg5 Qe8 15. Qh3
Nxe5 16. Bxf6 Nxd3+ 17. Kf1 1-0

[Event "ch-FRA Blitz Online Qual"]
[Site "Europe-Chess INT"]
[Date "2020.05.16"]
[Round "12"]
[White "Boumrar, Ayrad"]
[Black "Mallevaey, Guillaume"]
[Result "0-1"]
[WhiteElo "1431"]
[BlackElo "1823"]
[WhiteFideId "45182310"]
[BlackFideId "26026120"]
[EventDate "2020.05.16"]

1. d4 d5 2. c4 c6 3. Nf3 Nf6 4. Nc3 dxc4 5. a4 Bf5 6. e3 e6 7. Bxc4 Bb4 8. O-O
O-O 9. Qe2 Bg6 10. Bd3 Nbd7 11. Bxg6 hxg6 12. e4 a5 13. e5 Nd5 14. Nxd5 cxd5 15.
Bg5 Qb6 16. Rfd1 Rac8 17. Ne1 Nb8 18. Nc2 Nc6 19. Nxb4 Nxb4 20. Rac1 Rxc1 21.
Rxc1 Qxd4 22. Be7 Re8 23. Bc5 Qf4 24. Rc3 d4 25. Rc4 d3 26. Rxf4 dxe2 27. Re4
Rc8 28. Rxe2 Rxc5 29. g4 Rc2 30. Rxc2 Nxc2 31. Kf1 Kf8 32. Ke2 Nd4+ 33. Kd3 Nf3
34. h3 Nxe5+ 35. Ke4 Nd7 36. Kd4 Ke7 37. Kc4 b6 38. Kb5 f5 39. gxf5 gxf5 40. b4
axb4 41. Kxb4 Kd6 42. a5 bxa5+ 43. Kxa5 Ne5 44. Kb4 Nd3+ 45. Kc3 Nxf2 46. Kd2
Nxh3 47. Ke3 g5 48. Kf3 g4+ 49. Kg3 Ke5 50. Kg2 Ke4 51. Kh1 f4 52. Kh2 Ng5 53.
Kh1 Kf3 54. Kg1 g3 55. Kh1 g2+ 56. Kg1 Nh3+ 57. Kh2 g1=Q+ 58. Kxh3 Qg3# 0-1

[Event "ch-FRA Blitz Online Qual"]
[Site "Europe-Chess INT"]
[Date "2020.05.16"]
[Round "12"]
[White "Ratsavong, Moukda"]
[Black "Laignel, Quentin"]
[Result "1-0"]
[WhiteElo "1789"]
[BlackElo "1420"]
[WhiteFideId "632872"]
[BlackFideId "45169128"]
[EventDate "2020.05.16"]

1. e4 d5 2. exd5 Qxd5 3. Nc3 Qd8 4. d4 Nf6 5. Bg5 h6 6. Bh4 e6 7. Nf3 Be7 8. Bc4
c6 9. Qe2 O-O 10. Ne5 Nbd7 11. Nxf7 Kxf7 12. Qxe6+ Kg6 13. Bd3+ Kh5 14. Qf5+ g5
15. Qg6+ Kxh4 16. Qxh6+ Kg4 17. f3+ Kf4 18. g3+ Ke3 19. Qxg5+ Kxd4 20. Ne2# 1-0

[Event "ch-FRA Blitz Online Qual"]
[Site "Europe-Chess INT"]
[Date "2020.05.16"]
[Round "12"]
[White "Redjem, Mohamed"]
[Black "Batout, Ethan"]
[Result "1-0"]
[WhiteElo "1777"]
[BlackElo "1267"]
[WhiteFideId "20608128"]
[BlackFideId "551081806"]
[EventDate "2020.05.16"]

1. e4 c5 2. Nf3 Nc6 3. d4 cxd4 4. Nxd4 g6 5. Nc3 Bg7 6. Be3 Nf6 7. f3 O-O 8. Qd2
d5 9. Nxc6 bxc6 10. O-O-O e6 11. e5 Nd7 12. f4 f6 13. exf6 Nxf6 14. Be2 Bb7 15.
Rhg1 Qc7 16. Bc5 Rfd8 17. Bf3 Bh6 18. g3 Bg7 19. Kb1 Nd7 20. Bd4 Nf6 21. Rde1 c5
22. Bxf6 Bxf6 23. Rxe6 d4 24. Rxf6 dxc3 25. Qxc3 Bxf3 26. Qxf3 Rab8 27. Qe4 Qg7
28. Qe6+ Kh8 29. b3 Re8 30. Qa6 Rb4 31. Rd1 Rbe4 32. Rfd6 Re1 33. Qc4 Rxd1+ 34.
Rxd1 Qc7 35. a4 a5 36. Rd5 Re1+ 37. Kb2 Qg7+ 38. c3 Rg1 39. Rd8+ 1-0

[Event "ch-FRA Blitz Online Qual"]
[Site "Europe-Chess INT"]
[Date "2020.05.16"]
[Round "12"]
[White "Carlier-Bromberg, Paul"]
[Black "Ghazaryan, Gurgen"]
[Result "0-1"]
[WhiteElo "1790"]
[BlackElo "1403"]
[WhiteFideId "36099155"]
[BlackFideId "45137609"]
[EventDate "2020.05.16"]

1. e4 c5 2. Nc3 d6 3. Nf3 Nf6 4. d4 cxd4 5. Nxd4 g6 6. Be2 Bg7 7. O-O O-O 8. Re1
Nc6 9. Nb3 a6 10. Bf1 Bg4 11. f3 Bd7 12. Nd5 Nxd5 13. exd5 Ne5 14. c3 b5 15. f4
Nc4 16. Bxc4 bxc4 17. Nd2 Qb6+ 18. Kh1 e6 19. Nxc4 Qc5 20. Qd3 exd5 21. Ne3 Rfe8
22. Bd2 Bc6 23. Nc2 Rab8 24. Rxe8+ Rxe8 25. Re1 Rxe1+ 26. Bxe1 Bb5 27. Qd2 Qc4
28. Ne3 Qxa2 29. Qxd5 Qxd5 30. Nxd5 f5 31. Nc7 Kf7 32. Nxb5 axb5 33. g3 Ke6 34.
Kg2 Kd5 35. Kf3 Kc4 36. b3+ Kxb3 37. Ke3 Bxc3 38. Bf2 Kc4 39. Ke2 b4 40. Kd1 b3
41. Kc1 d5 42. Bb6 d4 43. Bc7 d3 44. Bd6 d2+ 45. Kd1 b2 46. Be5 b1=Q+ 47. Ke2
Qe1+ 48. Kf3 d1=Q+ 49. Kg2 Qde2+ 50. Kh3 Qg4+ 51. Kg2 Qee2+ 52. Kg1 Qh3 53. g4
Qhg2# 0-1

[Event "ch-FRA Blitz Online Qual"]
[Site "Europe-Chess INT"]
[Date "2020.05.16"]
[Round "12"]
[White "Minde, Timothe"]
[Black "Sere, Nicolas"]
[Result "1-0"]
[WhiteElo "1075"]
[BlackElo "1753"]
[WhiteFideId "551015579"]
[BlackFideId "36014320"]
[EventDate "2020.05.16"]

1. e4 c5 2. Nf3 e6 3. d4 cxd4 4. Nxd4 Nf6 5. Nc3 Nc6 6. Be3 Bb4 7. Bd3 d5 8.
exd5 Nxd5 9. Nxc6 bxc6 10. Bd2 O-O 11. O-O Bd6 12. Nxd5 exd5 13. Qh5 g6 14. Qh6
Be5 15. Rab1 Bg7 16. Qf4 Be6 17. Rfe1 Rb8 18. Bc3 Bxc3 19. bxc3 Qa5 20. Rxb8
Qxc3 21. Rxf8+ Kxf8 22. Rxe6 c5 23. Rf6 c4 24. Rxf7+ Ke8 25. Bf1 1-0

[Event "ch-FRA Blitz Online Qual"]
[Site "Europe-Chess INT"]
[Date "2020.05.16"]
[Round "12"]
[White "Hucault, Christophe"]
[Black "Bourgeois, Florian"]
[Result "1-0"]
[WhiteElo "1612"]
[BlackElo "2033"]
[WhiteFideId "26057336"]
[BlackFideId "690660"]
[EventDate "2020.05.16"]

1. d4 g6 2. Bf4 Bg7 3. e3 c5 4. c3 cxd4 5. exd4 d6 6. Be2 Nf6 7. Nf3 O-O 8. h3
Nc6 9. Nbd2 b6 10. O-O Bb7 11. Qc2 Nh5 12. Bh2 e5 13. dxe5 dxe5 14. Nxe5 Bxe5
15. Bxe5 Nxe5 16. Bxh5 gxh5 17. Rad1 Qg5 18. f3 Kh8 19. Ne4 Bxe4 20. Qxe4 Rg8
21. f4 Qg6 22. Qxe5+ f6 23. Qd5 Rad8 24. Qf3 Rxd1 25. Rxd1 Qc2 26. Rf1 h4 27.
Rf2 Qc1+ 28. Kh2 Qe1 29. Rf1 Qb1 30. Rxb1 1-0

[Event "ch-FRA Blitz Online Qual"]
[Site "Europe-Chess INT"]
[Date "2020.05.16"]
[Round "12"]
[White "Mezouaghi, Miloud"]
[Black "Suspene, Jacques"]
[Result "0-1"]
[WhiteElo "1999"]
[BlackElo "1610"]
[WhiteFideId "612634"]
[BlackFideId "651023059"]
[EventDate "2020.05.16"]

1. e4 d6 2. d4 Nf6 3. Nc3 g6 4. f4 Bg7 5. Nf3 c5 6. dxc5 Qa5 7. Bd3 Qxc5 8. Qe2
O-O 9. Be3 Qa5 10. Qd2 a6 11. O-O Nc6 12. Kh1 Bd7 13. a3 Rac8 14. b4 Qc7 15. Na4
Nd4 16. Bxd4 Bxa4 17. e5 Nd7 18. exd6 Qxd6 19. Bxg7 Kxg7 20. Rad1 Nf6 21. Ne5
Rfd8 22. Qe2 Qc7 23. c4 Bc6 24. Nxc6 Qxc6 25. c5 Rd7 26. Bc4 Rcd8 27. Rxd7 Rxd7
28. Re1 e6 29. Bd3 Qc7 30. Qe3 Nd5 31. Qf3 Qxf4 32. Qxf4 Nxf4 33. Be4 Nd5 34.
Rd1 f6 35. Kg1 Kf7 36. Kf2 Ke7 37. Bxd5 Rxd5 38. Re1 e5 39. Ke3 Rd4 40. Rc1 Kd7
41. g3 Kc6 42. h4 b6 43. cxb6+ Kxb6 44. Rc8 Rd7 45. Rb8+ Kc7 46. Ra8 Kb7 47. Rf8
f5 48. Re8 e4 49. Kf4 Kc6 50. h5 gxh5 51. Kxf5 Rg7 52. Kf4 h4 53. Rxe4 hxg3 54.
Re1 g2 55. Rg1 Kb5 56. Ke4 Ka4 57. Kd4 Kxa3 58. Kc4 h5 59. Kc3 Ka4 60. Ra1+ Kb5
61. Rg1 h4 62. Kd3 h3 63. Ke3 h2 64. Rxg2 Rxg2 0-1

[Event "ch-FRA Blitz Online Qual"]
[Site "Europe-Chess INT"]
[Date "2020.05.16"]
[Round "12"]
[White "Tuillier, Valentin"]
[Black "Delabarre, Olivier"]
[Result "1/2-1/2"]
[WhiteElo "1607"]
[BlackElo "1997"]
[WhiteFideId "36020800"]
[BlackFideId "632481"]
[EventDate "2020.05.16"]

1. e4 c5 2. Nf3 Nc6 3. d4 cxd4 4. Nxd4 g6 5. Nc3 Bg7 6. Be3 Nf6 7. Bc4 O-O 8.
O-O d6 9. Bb3 Bd7 10. Kh1 Rc8 11. f4 a6 12. a4 Na5 13. h3 Nxb3 14. Nxb3 Rxc3 15.
bxc3 Nxe4 16. Bd4 Ng3+ 17. Kg1 Nxf1 18. Kxf1 e5 19. fxe5 dxe5 20. Bf2 Bc6 21.
Qe2 Qg5 22. Be3 Qh4 23. Na5 Qe4 24. Rb1 b5 25. axb5 Bxb5 26. c4 Bc6 27. Rb6 Rc8
28. Qd2 Bf8 29. Rxa6 f5 30. Rxc6 Rxc6 31. Nxc6 Qxc6 32. Qd5+ Qxd5 33. cxd5 Kf7
34. Ke2 Ke7 35. c4 Kd6 36. Bd2 Bg7 37. Bb4+ Kd7 38. c5 1/2-1/2

[Event "ch-FRA Blitz Online Qual"]
[Site "Europe-Chess INT"]
[Date "2020.05.16"]
[Round "12"]
[White "Lardon, Quentin"]
[Black "Kuhn, Mathilde"]
[Result "1-0"]
[WhiteElo "2013"]
[BlackElo "1764"]
[WhiteFideId "36050407"]
[BlackFideId "36099783"]
[EventDate "2020.05.16"]

1. c4 c5 2. Nc3 Nc6 3. g3 g6 4. Bg2 Bg7 5. e3 Nh6 6. Nge2 Nf5 7. O-O O-O 8. a3
d6 9. Rb1 a6 10. b4 cxb4 11. axb4 Rb8 12. b5 axb5 13. cxb5 Ne5 14. d4 Nc4 15.
Qd3 Nb6 16. e4 Nh6 17. h3 f5 18. Be3 fxe4 19. Nxe4 Nf5 20. N2c3 Nxe3 21. fxe3
Bf5 22. g4 Bxe4 23. Nxe4 e5 24. dxe5 dxe5 25. Qxd8 Rbxd8 26. Nc5 Nd5 27. Nxb7
Nxe3 28. Nxd8 Nxf1 29. Ne6 Re8 30. Rxf1 Rxe6 31. Bd5 1-0

[Event "ch-FRA Blitz Online Qual"]
[Site "Europe-Chess INT"]
[Date "2020.05.16"]
[Round "12"]
[White "Ciarletta, Ulysse"]
[Black "Perez Marco, Ricardo"]
[Result "0-1"]
[WhiteElo "1599"]
[BlackElo "2064"]
[WhiteFideId "45133000"]
[BlackFideId "2256401"]
[EventDate "2020.05.16"]

1. d4 Nf6 2. c4 c5 3. d5 b5 4. cxb5 a6 5. bxa6 Bxa6 6. Nc3 d6 7. e4 Bxf1 8. Kxf1
g6 9. Nf3 Nbd7 10. h3 Bg7 11. Kg1 O-O 12. Kh2 Qb6 13. Re1 Rfb8 14. Qc2 Qb7 15.
Nd2 Nb6 16. b3 Rc8 17. Nc4 Nxc4 18. bxc4 Qb4 19. Qb3 Qxb3 20. axb3 Rxa1 21. Bd2
Rxe1 22. Bxe1 Rb8 23. Nb5 Nxe4 24. f3 Nf6 25. g4 h5 26. g5 Nd7 27. f4 Ra8 28. h4
Ra2+ 29. Kg3 Rb2 30. b4 cxb4 31. Kf3 Nc5 32. Ke3 Rb3+ 33. Kd2 Rd3+ 34. Kc2 b3+
35. Kc1 b2+ 36. Kc2 Rd1 0-1

[Event "ch-FRA Blitz Online Qual"]
[Site "Europe-Chess INT"]
[Date "2020.05.16"]
[Round "12"]
[White "Auribault, Louis"]
[Black "Quere, Alexandre"]
[Result "1/2-1/2"]
[WhiteElo "1618"]
[BlackElo "2022"]
[WhiteFideId "45196591"]
[BlackFideId "631086"]
[EventDate "2020.05.16"]

1. e4 c5 2. Nf3 Nc6 3. Bb5 g6 4. c3 Bg7 5. O-O Nf6 6. Qe2 O-O 7. Rd1 d5 8. e5
Ne8 9. d4 cxd4 10. cxd4 Nc7 11. Bxc6 bxc6 12. Nc3 a5 13. h3 Ba6 14. Qe1 f6 15.
exf6 exf6 16. Be3 Re8 17. Qd2 Nb5 18. Bh6 Nd6 19. Bxg7 Kxg7 20. b3 Ne4 21. Nxe4
Rxe4 22. Re1 Ra7 23. Re3 Rae7 24. Rae1 h6 25. Qc2 Qe8 26. Rxe4 Rxe4 27. Rxe4
dxe4 28. Nd2 Bd3 29. Qc5 e3 30. Qa7+ Kh8 31. Nf3 exf2+ 32. Kxf2 Qe2+ 33. Kg1
Qxa2 34. Qb8+ Kg7 35. Qc7+ Kf8 36. Qd8+ Kf7 37. Qd7+ Kf8 38. Qd6+ Kf7 39. Qd7+
Kf8 40. Qd8+ Kf7 41. Qd7+ 1/2-1/2

[Event "ch-FRA Blitz Online Qual"]
[Site "Europe-Chess INT"]
[Date "2020.05.16"]
[Round "12"]
[White "Zanin, Dario"]
[Black "Stoll, Lucia"]
[Result "1/2-1/2"]
[WhiteElo "1918"]
[BlackElo "1561"]
[WhiteFideId "615919"]
[BlackFideId "45133301"]
[EventDate "2020.05.16"]

1. e4 e5 2. f4 d5 3. exd5 c6 4. dxc6 Nxc6 5. Nc3 Nf6 6. fxe5 Nxe5 7. Nf3 Bd6 8.
Nxe5 Bxe5 9. Bb5+ Bd7 10. Bxd7+ Qxd7 11. O-O O-O 12. d3 Qd4+ 13. Kh1 Qh4 14. g3
Bxg3 15. Qe2 Ng4 16. Ne4 Bxh2 17. Kg2 Bc7 18. Rh1 Qe7 19. Qxg4 Qe5 20. Qh4 h6
21. Bxh6 gxh6 22. Qxh6 Qg7+ 23. Qxg7+ Kxg7 24. Rag1 f5 25. Kf2+ Kf7 26. Rh7+ Ke6
27. Rg6+ Ke5 28. Re7+ Kf4 29. Nc5 Bb6 30. d4 Bxc5 31. dxc5 Rac8 32. b4 b6 33.
Rxa7 bxc5 34. b5 Rb8 35. a4 Ke4 36. Re6+ Kd5 37. Rc6 Kc4 38. Rac7 Kb4 39. Rxc5
Kxa4 40. c4 f4 41. Kf3 Kb4 42. Rd5 Rb6 43. Rcd7 Kxc4 44. Rd4+ Kxb5 45. R7d5+ Ka6
46. Rxf4 Rb3+ 47. Kg4 Rxf4+ 48. Kxf4 Rb4+ 49. Ke5 1/2-1/2

[Event "ch-FRA Blitz Online Qual"]
[Site "Europe-Chess INT"]
[Date "2020.05.16"]
[Round "12"]
[White "Daude, Alexandre"]
[Black "Deschamps, Quentin"]
[Result "0-1"]
[WhiteElo "1518"]
[BlackElo "1908"]
[WhiteFideId "45102660"]
[BlackFideId "26010119"]
[EventDate "2020.05.16"]

1. e4 e6 2. d4 d5 3. exd5 exd5 4. Nf3 c5 5. c4 cxd4 6. Nxd4 Bb4+ 7. Bd2 Bc5 8.
Nf3 Qb6 9. Qe2+ Ne7 10. Bc3 d4 11. Bd2 Qxb2 12. Qe5 Qxa1 13. Bd3 Nd7 14. Qxg7
Rg8 15. Qxh7 Rxg2 16. Ng5 Rxg5 17. Bxg5 Bb4+ 18. Kf1 Nf8 19. Qh8 Be6 20. Bh6
O-O-O 21. Bxf8 Ng6 22. Qf6 Bh3+ 23. Ke2 Qb2+ 24. Kf3 Rxf8 25. Bf5+ Bxf5 26.
Qxf5+ Kb8 27. Rd1 Nh4+ 0-1